Latin for All Quiz Stats

 Plays Quiz Updated Mar 23, 2019

Score 0/15 Timer 04:00
1 Play Today
% Correct
aqua
98.5%
navis
92.8%
terminus
91.3%
ignis
88.6%
nox
88.6%
lux
86.2%
socius
84.4%
ager
84.2%
% Correct
scala
83.4%
bellum
82.9%
dies
82.3%
folium
81.2%
pons
79.9%
ars
75%
animus
72.4%

You're not logged in!

Compare scores with friends on all Sporcle quizzes.
OR
Log In

Sporcle TV

Today on Sporcle TV


Watch our educational content, quiz creation guides, and fun videos on Sporcle TV.

Show Comments

Extras

Top Quizzes Today


Score Distribution

Your Account Isn't Verified!

In order to create a playlist on Sporcle, you need to verify the email address you used during registration. Go to your Sporcle Settings to finish the process.

Report this User

Report this user for behavior that violates our Community Guidelines.

Details: